LEADER 03721nam 2200697 a 450 001 9910454027403321 005 20200520144314.0 010 $a1-282-86372-X 010 $a9786612863721 010 $a0-7735-7310-0 035 $a(CKB)1000000000522755 035 $a(EBL)3331582 035 $a(SSID)ssj0000279700 035 $a(PQKBManifestationID)11217720 035 $a(PQKBTitleCode)TC0000279700 035 $a(PQKBWorkID)10268300 035 $a(PQKB)10281011 035 $a(MiAaPQ)EBC3331582 035 $a(CaPaEBR)407632 035 $a(CaBNvSL)slc00204664 035 $a(MiAaPQ)EBC3248703 035 $a(Au-PeEL)EBL3331582 035 $a(CaPaEBR)ebr10178231 035 $a(CaONFJC)MIL286372 035 $a(OCoLC)923231231 035 $a(EXLCZ)991000000000522755 100 $a20061113d2005 uy 0 101 0 $aeng 135 $aur|n|---||||| 181 $ctxt 182 $cc 183 $acr 200 00$aFrom power sharing to democracy$b[electronic resource] $epost-conflict institutions in ethnically divided societies /$fedited by Sid Noel 210 $aMontre?al ;$aLondon ;$aIthaca [N.Y.] $cMcGill-Queen's University Press$dc2005 215 $a1 online resource (320 p.) 225 1 $aStudies in nationalism and ethnic conflict 300 $aDescription based upon print version of record. 311 $a0-7735-2947-0 320 $aIncludes bibliographical references (p. 288-296) and index. 327 $a""Contents""; ""Introduction""; ""1 Debating Consociational Politics: Normative and Explanatory Arguments""; ""2 Between Stability and Collapse: Internal and External Dynamics of Post-agreement Institution Building in Northern Ireland""; ""3 Significant Events in the Northern Ireland Peace Process: Impact and Implementation""; ""4 Power Sharing after Yugoslavia: Functionality and Dysfunctionality of Power-sharing Institutions in Post-war Bosnia, Macedonia, and Kosovo""; ""5 Post-conflict Reconstruction: Constitutional and Transitional Power-sharing Arrangements in Bosnia and Kosovo"" 327 $a""6 Power Sharing in a Police Car: The Intractable Difficulty of Police Reform in Kosovo and Macedonia""""7 Power Sharing and Rights Protection in the Prevention and Management of Ethnic Conflict: The Case of Post-apartheid South Africa""; ""8 Power Sharing in South Africa: The African National Congress as a Consociational Party?""; ""9 Anarchy and the Problems of Power Sharing in Africa""; ""10 Afghanistan: Multicultural Federalism as a Means to Achieve Democracy, Representation, and Stability"" 327 $a""11 Power Sharing for Cyprus (Again)? European Union Accession and the Prospects for Reunification""""12 Conditionality, Consociationalism, and the European Union""; ""13 Federation as a Method of Ethnic Conflict Regulation""; ""Contributors""; ""Index""; ""A""; ""B""; ""C""; ""D""; ""E""; ""F""; ""G""; ""H""; ""I""; ""K""; ""L""; ""M""; ""N""; ""O""; ""P""; ""R""; ""S""; ""T""; ""U""; ""V""; ""W""; ""Y""; ""Z"" 410 0$aStudies in nationalism and ethnic conflict. 606 $aEthnic conflict$xPolitical aspects 606 $aEthnic groups$xPolitical activity 606 $aPolitical stability 606 $aDemocratization 608 $aElectronic books. 615 0$aEthnic conflict$xPolitical aspects. 615 0$aEthnic groups$xPolitical activity. 615 0$aPolitical stability. 615 0$aDemocratization. 676 $a320.089 701 $aNoel$b S. J. R$g(Sidney John Roderick)$0936772 801 0$bMiAaPQ 801 1$bMiAaPQ 801 2$bMiAaPQ 906 $aBOOK 912 $a9910454027403321 996 $aFrom power sharing to democracy$92109911 997 $aUNINA LEADER 03746nam 22004815 450 001 996312649403316 005 20191022022751.0 010 $a3-11-158462-3 024 7 $a10.1515/9783111584621 035 $a(CKB)4100000009265809 035 $a(MiAaPQ)EBC5893185 035 $a(DE-B1597)100021 035 $a(OCoLC)1121053458 035 $a(DE-B1597)9783111584621 035 $a(EXLCZ)994100000009265809 100 $a20191022d2019 fg 101 0 $ager 135 $aurcnu|||||||| 181 $ctxt$2rdacontent 182 $cc$2rdamedia 183 $acr$2rdacarrier 200 14$aDie Reichsversicherungsordnung $eHandausgabe mit gemeinverständlichen Erläuterungen. $hBand 1, $iDiefür alle Versicherungszweige geltenden Vorschriften der Reichsversicherungsordnung (Erstes, fünftes und sechstes Buch) nebst Einleitung und Einführungsgesetz /$fMentzel, Manes, Schultz 205 $aReprint 2019 210 31$aBerlin ;$aBoston : $cDe Gruyter, $d[2019] 210 1$cG. J. Göschen'sche Verlagshandlung, $d[1912] 210 4$d©1912 215 $a1 online resource (502 pages) 225 0 $aDie Reichsversicherungsordnung ;$vBand 1 311 $a3-11-121132-0 327 $tFrontmatter -- $tInhalt -- $tVorwort -- $tEinleitung -- $tLiteratur-Verzeichnis -- $tAbkürzungs-Veizeichnis -- $tGegenüberstellung der Paragraphen der bisherigen Arbeiterversicherungsgesetze und der RVO -- $tGegenüberstellung der Paragraphen der RVO. und des Kommissions-Entwurfs -- $tGegenüberstellung der Artikelzahlen des Einführungsgesetzes zur RVO. und der Artikelzahlen der endgültigen Beschlüsse der Kommission -- $tEinführungs-Gesetz -- $tVorbemerkung -- $tAbschnitt A. Artikel 1-100 -- $tAbschnitt B. Artikel 101-104 -- $tReichsversicherungsordnung -- $tErstes Bach. Gemeinsame Vorschriften -- $tErster Abschnitt. Umfang der Reichsversicherung -- $tZweiter Abschnitt. Träger der Reichsversicherung -- $tDritter Abschnitt. Versicherungsbehörden -- $tVierter Abschnitt. Sonstige gemeinsame Vorschriften -- $tAnhang: Schema für die Wahlen der RVO -- $tFünftes Bach. Beziehungen der Versicherungsträger zu einander -- $tVorbemerkung -- $tErster Abschnitt. Beziehungen der Versicherungsträger zu einander -- $tZweiter Abschnitt. Beziehungen zu anderen Verpflichteten -- $tSechstes Buch. Verfahren -- $tEinleitung -- $tA. Feststellungen der Leistungen -- $tErster Abschnitt. Feststellung durch die Versicherungsträger -- $tZweiter Abschnitt. Feststellung im Spruchverfahren -- $tDritter Abschnitt. Besondere Arten des Verfahrens -- $tVierter Abschnitt. Besondere Vorschriften für die See- Unfallversicherung -- $tB. Andere Spruchsachen -- $tC. Beschlußverfahren -- $tErster Abschnitt. Allgemeine Vorschriften -- $tZweiter Abschnitt. Beschwerde -- $tDritter Abschnitt. Weitere Beschwerde -- $tD. Kosten und Gebühren -- $tAlphabetisches Sachregister 330 $aTo celebrate the 270th anniversary of the De Gruyter publishing house, the company is providing permanent open access to 270 selected treasures from the De Gruyter Book Archive. Titles will be made available to anyone, anywhere at any time that might be interested. The DGBA project seeks to digitize the entire backlist of titles published since 1749 to ensure that future generations have digital access to the high-quality primary sources that De Gruyter has published over the centuries. 606 $aInsurance law$zGermany 615 0$aInsurance law 676 $a346.43086 700 $aManes$b Alfred, $0102586 702 $aMentzel$b , 702 $aSchultz$b , 801 0$bDE-B1597 801 1$bDE-B1597 906 $aBOOK 912 $a996312649403316 996 $aDie Reichsversicherungsordnung$92033776 997 $aUNISA